Specifics of the Statutory Audit of the Combined Financial Statements

Pojem "kombinovaná účtovná závierka" v slovenčine nenájdete v odbornej literatúre. Tento výraz budeme používať na označenie účtovnej závierky spoločnosti skupiny, ktorú nemožno označiť za konsolidovanú účtovnú závierku v súlade s medzinárodnými štandardmi IFRS. Tento problém nie je legislatívne vôbe...

Full description

Saved in:
Bibliographic Details
Main Author: Krišková, Petra, 1981-
Other Authors: Užík, Ján, 1969-, Užíková, Lenka, 1996-
Format: Book Chapter
Language:English
Subjects:
Tags: Add Tag
No Tags, Be the first to tag this record!

MARC

LEADER 00000naa$a2200000$$$4500
001 0306402
005 20250122130216.9
041 0 |a eng 
044 |a CZ 
245 1 0 |a Specifics of the Statutory Audit of the Combined Financial Statements  |c Petra Krišková, Ján Užík, Lenka Užíková 
520 |a Pojem "kombinovaná účtovná závierka" v slovenčine nenájdete v odbornej literatúre. Tento výraz budeme používať na označenie účtovnej závierky spoločnosti skupiny, ktorú nemožno označiť za konsolidovanú účtovnú závierku v súlade s medzinárodnými štandardmi IFRS. Tento problém nie je legislatívne vôbec upravený. Preto nie je jasné, ako by mala byť účtovná závierka, zostavená v takejto situácii a vyhotovená v súlade s právnymi predpismi. Ešte komplikovanejšia situácia nastáva pre štatutárneho audítora, ktorého úlohou je overiť takúto účtovnú závierku. V tomto príspevku budeme používať výraz "kombinovaná účtovná závierka", aj keď ide o zjednodušený pojem z praxe, aby sa dalo dostatočne odlíšiť túto účtovnú závierku od konsolidovanej účtovnej závierky, vypracovanej v súlade so slovenským zákonom o účtovníctve. 
610 2 0 |a závierka účtovná 
610 2 0 |a závierka účtovná konsolidovaná 
610 2 0 |a audit 
610 2 0 |a audítori 
610 2 0 |a účtovníctvo 
610 2 0 |a účtovníci 
100 1 |a Krišková, Petra, 1981- 
700 1 |a Užík, Ján, 1969- 
700 1 |a Užíková, Lenka, 1996-